Les équipes de la saison 1 de Foot 2 Rue - Statistiques

Statistiques générales
  • Ce quiz a été pris 44 fois
  • Le résultat moyen est 6 sur 15
Statistiques - réponses
Equipes de Foot 2 Rue (Saison 1) % Correct
Bleus de Port Marie
77%
Requins du port
74%
Fantômes de la cité
60%
Meninos du Brésil
57%
Diables du Bronx
46%
Dragons de Shangai
37%
Lions d'Afrique
37%
Scorpions du Désert
34%
Tigres de papier
34%
Vagabonds du parc
34%
Vampires des boulevards
34%
Cobras de Calcutta
26%
Wallabies d'Australie
26%
Barracudas du centre commercial
23%
Dogs de Toronto
0%
Aucun quiz correspondant
Distribution des résultats
% des personnes avec chaque résultat
Percentile par nombre de réponses
Votre historique - résultats
Vous n’avez pas pris ce quiz